Statistics for 90 secs Countries of the World: by same 3rd letter

Click here to take the quiz!

General Stats

  • This quiz has been taken 3,022 times
  • The average score is 156 of 196

Answer Stats

Country % Correct
Eritrea
97%
Trinidad and Tobago
97%
United Arab Emirates
97%
United Kingdom
97%
China
97%
United States
97%
Guinea
97%
Guinea-Bissau
97%
Taiwan
97%
Switzerland
97%
Sri Lanka
97%
Haiti
97%
Saint Lucia
97%
Chile
97%
Djibouti
97%
Saint Vincent and the Grenadines
97%
Saint Kitts and Nevis
97%
Philippines
97%
Thailand
94%
Germany
94%
Israel
94%
Ghana
94%
Peru
94%
Morocco
94%
Spain
94%
Paraguay
94%
Syria
94%
Jordan
94%
Uganda
94%
Turkmenistan
94%
Turkey
94%
France
94%
Italy
94%
Marshall Islands
94%
Ukraine
94%
Rwanda
94%
Kiribati
94%
Iraq
94%
Kyrgyzstan
94%
Burkina Faso
94%
Burma
94%
North Korea
94%
Brazil
94%
Oman
94%
Norway
94%
Swaziland
94%
Burundi
94%
Suriname
94%
Chad
94%
Barbados
94%
Guatemala
94%
Serbia
94%
Iran
94%
Portugal
94%
Tonga
93%
Finland
93%
Honduras
93%
Hungary
93%
Tanzania
93%
Mongolia
93%
Bangladesh
93%
Singapore
93%
Central African Republic
93%
Canada
93%
Vanuatu
93%
Senegal
93%
Tunisia
93%
Venezuela
93%
Panama
93%
San Marino
93%
Monaco
93%
Kenya
93%
Montenegro
93%
Denmark
93%
Benin
93%
Kosovo
86%
Russia
86%
Austria
86%
El Salvador
86%
Lesotho
86%
Costa Rica
86%
Bosnia and Herzegovina
86%
Australia
86%
East Timor
86%
Nigeria
84%
Niger
84%
Afghanistan
84%
Poland
84%
Palau
84%
Solomon Islands
84%
Malaysia
84%
Mali
84%
Malawi
84%
Moldova
84%
Maldives
84%
Malta
84%
Togo
84%
Argentina
84%
Colombia
84%
Angola
84%
Belgium
84%
Algeria
84%
Bolivia
84%
Belize
84%
Bulgaria
84%
Belarus
84%
Democratic Republic of the Congo
83%
Comoros
83%
Cameroon
83%
Cambodia
83%
Dominican Republic
83%
Armenia
83%
Namibia
83%
Dominica
83%
Zimbabwe
83%
Somalia
83%
Zambia
83%
Romania
83%
Gambia
83%
Yemen
83%
Samoa
83%
Jamaica
83%
Liechtenstein
81%
Azerbaijan
81%
Ireland
81%
Vietnam
81%
Sierra Leone
81%
Czech Republic
81%
Sweden
81%
Greece
81%
Grenada
81%
Iceland
81%
Nauru
77%
Equatorial Guinea
77%
Ecuador
77%
South Africa
77%
South Korea
77%
South Sudan
77%
Mauritania
77%
Mauritius
77%
Brunei
77%
Saudi Arabia
77%
Uruguay
77%
Bhutan
77%
Uzbekistan
71%
Liberia
71%
Gabon
71%
Cuba
71%
Albania
71%
Lebanon
71%
Libya
71%
India
69%
Indonesia
69%
Sudan
69%
Madagascar
69%
Federated States of Micronesia
69%
Andorra
69%
Vatican City
66%
Cape Verde
66%
Republic of the Congo
66%
Botswana
66%
Côte d'Ivoire
66%
Cyprus
66%
Japan
66%
Estonia
66%
Latvia
66%
Antigua and Barbuda
66%
Netherlands
66%
Lithuania
66%
Papua New Guinea
66%
Qatar
66%
Nepal
66%
Croatia
45%
São Tomé and Príncipe
45%
Georgia
45%
Slovakia
45%
Luxembourg
45%
Laos
45%
Mexico
45%
Slovenia
45%
Bahamas
40%
Egypt
40%
Seychelles
40%
Ethiopia
40%
Guyana
40%
Bahrain
40%
Tajikistan
37%
Fiji
37%
Kuwait
37%
New Zealand
37%
Kazakhstan
28%
Mozambique
28%
Pakistan
24%
Nicaragua
21%
Tuvalu
21%
Macedonia
21%

Score Distribution

Percentile by Number Answered

Percent of People with Each Score

Your Score History

You have not taken this quiz